000 00222nam a22000857a 4500
008 170113b xxu||||| |||| 00| 0 eng d
100 _92392
_aSharma.N.K.etal.
245 _aScience Practical-IX
260 _aNew Delhi
_bAmanda
_c2010
999 _c5403
_d5403